Vies de Haydn, de Mozart et de Métastase / (Record no. 165759)

MARC details
000 -LEADER
campo de control de longitud fija 00883nam a22002415i 4500
001 - NÚMERO DE CONTROL
campo de control 165759
003 - IDENTIFICADOR DE NÚMERO DE CONTROL
campo de control ES-MaACL
005 - FECHA Y HORA DE LA ÚLTIMA TRANSACCIÓN
campo de control 20250520160738.0
008 - DATOS DE LONGITUD FIJA--INFORMACIÓN GENERAL
campo de control de longitud fija 050906s1872 fr | |||||||| ||fre d
040 ## - FUENTE DE CATALOGACIÓN
Centro catalogador/agencia de origen CAM
Lengua de catalogación spa
Centro/agencia transcriptor CAM
100 0# - ENTRADA PRINCIPAL--NOMBRE DE PERSONA
Nombre de persona Stendhal,
Fechas asociadas al nombre 1783-1842
9 (RLIN) 108086
245 10 - MENCIÓN DEL TÍTULO
Título Vies de Haydn, de Mozart et de Métastase /
Mención de responsabilidad, etc. par de Stendhal.
250 ## - MENCION DE EDICION
Mención de edición Nouvelle éd. ent. revue.
260 ## - PUBLICACIÓN, DISTRIBUCIÓN, ETC.
Lugar de publicación, distribución, etc. Paris :
Nombre del editor, distribuidor, etc. Michel Lévy Frères,
Fecha de publicación, distribución, etc. 1872 (
Lugar de fabricación/manufactura Clichy :
Fabricante Imp. Paul Dupont et Cie.)
300 ## - DESCRIPCIÓN FÍSICA
Extensión 341 p. ;
Dimensiones 19 cm.
490 1# - MENCIÓN DE SERIE
Mención de serie Oeuvres complètes de Stendhal
600 #0 - PUNTO DE ACCESO ADICIONAL DE MATERIA--NOMBRE DE PERSONA
Nombre de persona Mozart, Wolfgang Amadeus,
Fechas asociadas al nombre 1756-1791-
Subdivisión general Biografías
9 (RLIN) 223460
600 14 - PUNTO DE ACCESO ADICIONAL DE MATERIA--NOMBRE DE PERSONA
Nombre de persona Haydn, Joseph-
Subdivisión general Biografías.
9 (RLIN) 127822
600 14 - PUNTO DE ACCESO ADICIONAL DE MATERIA--NOMBRE DE PERSONA
Nombre de persona Metastasio, Pietro,
Fechas asociadas al nombre 1698-1782
9 (RLIN) 80719
830 0# - PUNTO DE ACCESO ADICIONAL DE SERIE-TÍTULO UNIFORME
Título uniforme Oeuvres complètes de Stendhal
9 (RLIN) 188568
852 ## - LOCALIZACIÓN
Ubicación ES-MaACL
Número de control de estantería B-3208(2)
Nota libre -- Enc. hol.
Holdings
Estatus retirado Estado de pérdida Estado de daño No para préstamo Colección Biblioteca de origen Biblioteca actual Ubicación en estantería Fecha de adquisición Fuente de adquisición Total de préstamos Signatura topográfica completa Código de barras Visto por última vez Precio de reemplazo Tipo de ítem Koha
        Libros del s. XIX Biblioteca del Ateneo de Madrid Biblioteca del Ateneo de Madrid Sala Pardo Bazán 17/01/2008     B-3208(2) 1173837 23/02/2023 23/02/2023 Libro impreso antiguo